| 000 | nam a22 7a 4500 | ||
|---|---|---|---|
| 999 |
_c126495 _d126495 |
||
| 008 | 170602b xxu||||| |||| 00| 0 eng d | ||
| 050 | _aBS2585.58.H43 2008 | ||
| 100 |
_aHealy, Mary _931981 |
||
| 245 |
_aThe Gospel of Mark _c/ Mary Healy |
||
| 260 |
_aGrand Rapids _bBaker Academic _c2008 |
||
| 300 |
_a348p. ; _c23cm. |
||
| 440 |
_aCatholic commentarybon sacred scripture _931982 |
||
| 650 |
_aBible.N.T. Mark _xCommentaries _911841 |
||
| 710 |
_aWilliamson, Peter S. _eed. _931983 |
||
| 942 |
_2lcc _cMONOGRAPH |
||